Christ pre-eminent; studies in the epistle to the Colossians. (Record no. 16442)

000 -LEADER
fixed length control field 00540nam a2200169 a 4500
001 - CONTROL NUMBER
control field :::00019336$&:&@@
003 - CONTROL NUMBER IDENTIFIER
control field OkBaRHE
005 - DATE AND TIME OF LATEST TRANSACTION
control field 20010308142735.0
008 - FIXED-LENGTH DATA ELEMENTS--GENERAL INFORMATION
fixed length control field s1923 j 000 0 eng u
040 ## - CATALOGING SOURCE
Transcribing agency
100 1# - MAIN ENTRY--PERSONAL NAME
Personal name Thomas, Griffith W. H.
245 10 - TITLE STATEMENT
Title Christ pre-eminent; studies in the epistle to the Colossians.
260 ## - PUBLICATION, DISTRIBUTION, ETC. (IMPRINT)
Place of publication, distribution, etc Chicago
Name of publisher, distributor, etc The Bible Institute Colportage Ass'n.
Date of publication, distribution, etc 1923
300 ## - PHYSICAL DESCRIPTION
Extent 125 p.
942 ## - ADDED ENTRY ELEMENTS (KOHA)
Source of classification or shelving scheme
Koha item type Books
Copies
Koha item type Full call number Source of classification or shelving scheme Price effective from Lost status Barcode Not for loan Shelving location Permanent Location Damaged status Date acquired Withdrawn status Date last seen Copy number
BooksBS 2715 .T5 2010-04-14 19336 General StacksRHEMA Bible Training College 2010-04-14 2018-04-031